Mechanical engineering laboratory (Record no. 545233)
[ view plain ]
| 000 -LEADER | |
|---|---|
| fixed length control field | 00588cam a22001691 4500 |
| 082 ## - DEWEY DECIMAL CLASSIFICATION NUMBER | |
| Classification number | 621 |
| Author Mark | MES |
| -- | L-13, P-42 |
| 100 1# - MAIN ENTRY--PERSONAL NAME | |
| Personal name | Messersmith, Charles William. |
| 9 (RLIN) | 41028 |
| 245 10 - TITLE STATEMENT | |
| Title | Mechanical engineering laboratory |
| Statement of responsibility, etc. | [by] Charles W. Messersmith [and] Cecil F. Warner. |
| 260 ## - PUBLICATION, DISTRIBUTION, ETC. | |
| Place of publication, distribution, etc. | New York |
| Name of publisher, distributor, etc. | Wiley |
| Date of publication, distribution, etc. | [c.1950] |
| 300 ## - PHYSICAL DESCRIPTION | |
| Extent | vii, 160 p. |
| Other physical details | illus. |
| Dimensions | 29 cm. |
| 526 ## - STUDY PROGRAM INFORMATION NOTE | |
| Program name | 0 |
| Interest level | 0 |
| Reading level | 0 |
| Title point value | 621_000000000000000_MES |
| 526 ## - STUDY PROGRAM INFORMATION NOTE | |
| Program name | 0 |
| Interest level | 0 |
| Reading level | 0 |
| Title point value | 621_000000000000000_MES |
| 650 #0 - SUBJECT ADDED ENTRY--TOPICAL TERM | |
| Topical term or geographic name entry element | MCE |
| 9 (RLIN) | 379 |
| 650 #0 - SUBJECT ADDED ENTRY--TOPICAL TERM | |
| Topical term or geographic name entry element | Mechanical engineering laboratories. |
| 9 (RLIN) | 41029 |
| 700 1# - ADDED ENTRY--PERSONAL NAME | |
| Personal name | Warner, Cecil Francis, |
| 9 (RLIN) | 41030 |
| 942 ## - ADDED ENTRY ELEMENTS (KOHA) | |
| Source of classification or shelving scheme | |
| Koha item type | Book |
| Withdrawn status | Lost status | Source of classification or shelving scheme | Damaged status | Not for loan | Permanent Location | Current Location | Date acquired | Total Checkouts | Full call number | Barcode | Date last seen | Price effective from | Koha item type |
|---|---|---|---|---|---|---|---|---|---|---|---|---|---|
| Military College of Engineering (MCE) | Military College of Engineering (MCE) | 05/20/2014 | 621 MES | MCE-1797 | 05/20/2014 | 05/20/2014 | Book | ||||||
| Military College of Engineering (MCE) | Military College of Engineering (MCE) | 05/20/2014 | 621 MES | MCE-1591 | 05/20/2014 | 05/20/2014 | Book |
